[Event "Blitz 2018"]
[Site "Saint-Petersburg"]
[Date "2018.12.30"]
[Round "16"]
[Board "77"]
[White "Rechlis Gad (ISR)"]
[Black "Oganian Miran (RUS)"]
[Result "0-1"]
[LiveChessVersion "1.4.8"]
[BlackElo "2326"]
[WhiteElo "2500"]

1. e4 {[%clk 0:03:02]} c5 {[%clk 0:03:03]} 2. Nc3 {[%clk 0:03:02]} Nc6
{[%clk 0:03:04]} 3. Nf3 {[%clk 0:03:03]} g6 {[%clk 0:03:01]} 4. d4
{[%clk 0:03:04]} cxd4 {[%clk 0:03:02]} 5. Nxd4 {[%clk 0:03:05]} Bg7
{[%clk 0:03:04]} 6. Nb3 {[%clk 0:03:06]} Nf6 {[%clk 0:03:03]} 7. Be2
{[%clk 0:03:06]} O-O {[%clk 0:03:04]} 8. O-O {[%clk 0:03:04]} d6 {[%clk 0:02:55]}
9. Re1 {[%clk 0:03:00]} Be6 {[%clk 0:02:56]} 10. Bf1 {[%clk 0:03:00]} a6
{[%clk 0:02:54]} 11. Nd5 {[%clk 0:02:55]} Rc8 {[%clk 0:02:44]} 12. c3
{[%clk 0:02:36]} Re8 {[%clk 0:02:04]} 13. Bg5 {[%clk 0:02:34]} Bxd5
{[%clk 0:02:04]} 14. exd5 {[%clk 0:02:34]} Ne5 {[%clk 0:02:04]} 15. a4
{[%clk 0:02:13]} Nc4 {[%clk 0:01:46]} 16. Bxc4 {[%clk 0:01:22]} Rxc4
{[%clk 0:01:47]} 17. Qd3 {[%clk 0:01:13]} Rc7 {[%clk 0:01:30]} 18. h3
{[%clk 0:01:09]} Nd7 {[%clk 0:01:22]} 19. Nd4 {[%clk 0:01:03]} Rc5
{[%clk 0:01:03]} 20. Nb3 {[%clk 0:00:43]} Rc7 {[%clk 0:00:58]} 21. a5
{[%clk 0:00:44]} Ne5 {[%clk 0:00:56]} 22. Qe2 {[%clk 0:00:45]} Nc4
{[%clk 0:00:38]} 23. Ra4 {[%clk 0:00:46]} Qc8 {[%clk 0:00:26]} 24. Rb4
{[%clk 0:00:36]} Nxb2 {[%clk 0:00:17]} 25. Nd4 {[%clk 0:00:16]} Nc4
{[%clk 0:00:18]} 26. Qa2 {[%clk 0:00:12]} Ne5 {[%clk 0:00:14]} 27. Bd2
{[%clk 0:00:13]} Nd3 {[%clk 0:00:15]} 28. Re4 {[%clk 0:00:09]} Nxb4 29. cxb4
{[%clk 0:00:11]} Qd7 {[%clk 0:00:10]} 30. Nf3 {[%clk 0:00:09]} Bf6
{[%clk 0:00:09]} 31. Bg5 {[%clk 0:00:09]} Qf5 {[%clk 0:00:07]} 32. Rf4
{[%clk 0:00:09]} Qc2 {[%clk 0:00:04]} 33. Qa3 {[%clk 0:00:09]} Qc1+
{[%clk 0:00:04]} 34. Qxc1 {[%clk 0:00:09]} Rxc1+ 35. Kh2 Bxg5 {[%clk 0:00:05]}
36. Nxg5 {[%clk 0:00:12]} Rf8 {[%clk 0:00:05]} 37. b5 axb5 38. Rb4
{[%clk 0:00:12]} Rc5 {[%clk 0:00:06]} 39. Ne4 {[%clk 0:00:14]} Rxd5 40. Nc3
{[%clk 0:00:15]} Rc5 {[%clk 0:00:05]} 41. Nxb5 {[%clk 0:00:16]} Ra8
{[%clk 0:00:06]} 42. Nd4 {[%clk 0:00:17]} Ra7 {[%clk 0:00:05]} 43. Nb3
{[%clk 0:00:19]} Rc2 {[%clk 0:00:05]} 44. Nd4 {[%clk 0:00:20]} Rxf2
{[%clk 0:00:04]} 45. Kg3 {[%clk 0:00:19]} Ra2 {[%clk 0:00:05]} 46. Nb3
{[%clk 0:00:20]} Ra3 {[%clk 0:00:06]} 47. Rb5 {[%clk 0:00:21]} Kg7
{[%clk 0:00:04]} 48. Kf2 {[%clk 0:00:22]} h5 {[%clk 0:00:06]} 49. g4
{[%clk 0:00:24]} Ra2+ {[%clk 0:00:06]} 50. Kg3 {[%clk 0:00:25]} hxg4
{[%clk 0:00:07]} 51. hxg4 {[%clk 0:00:26]} Ra3 {[%clk 0:00:08]} 52. Kf4
{[%clk 0:00:27]} Rxb3 {[%clk 0:00:08]} 53. Rxb3 {[%clk 0:00:28]} Rxa5
{[%clk 0:00:09]} 54. Rxb7 {[%clk 0:00:30]} Kf6 {[%clk 0:00:10]} 55. Rb4
{[%clk 0:00:31]} g5+ {[%clk 0:00:10]} 56. Ke4 {[%clk 0:00:32]} Re5+
{[%clk 0:00:11]} 57. Kf3 Ke6 58. Ra4 {[%clk 0:00:34]} f5 {[%clk 0:00:12]} 59.
gxf5+ {[%clk 0:00:34]} Kxf5 {[%clk 0:00:13]} 60. Rb4 {[%clk 0:00:35]} Rc5
{[%clk 0:00:14]} 61. Ra4 {[%clk 0:00:36]} Rc3+ {[%clk 0:00:15]} 62. Ke2
{[%clk 0:00:37]} e5 {[%clk 0:00:15]} 0-1

[Event "Blitz 2018"]
[Site "Saint-Petersburg"]
[Date "2018.12.30"]
[Round "16"]
[Board "78"]
[White "Teterev Vitaly (BLR)"]
[Black "Makarov Marat (RUS)"]
[Result "0-1"]
[LiveChessVersion "1.4.8"]
[BlackElo "2505"]
[WhiteElo "2397"]

1. Nf3 {[%clk 0:03:03]} d5 {[%clk 0:03:02]} 2. g3 {[%clk 0:03:04]} Nf6
{[%clk 0:03:03]} 3. Bg2 {[%clk 0:03:05]} g6 {[%clk 0:03:05]} 4. O-O
{[%clk 0:03:06]} Bg7 {[%clk 0:03:06]} 5. d3 {[%clk 0:03:07]} O-O 6. Nbd2 a5
{[%clk 0:03:06]} 7. e4 {[%clk 0:03:08]} dxe4 {[%clk 0:03:06]} 8. dxe4
{[%clk 0:03:09]} Nc6 {[%clk 0:03:03]} 9. Re1 {[%clk 0:03:07]} a4 {[%clk 0:03:04]}
10. c3 {[%clk 0:02:58]} a3 {[%clk 0:03:06]} 11. b4 {[%clk 0:02:33]} Nd7
{[%clk 0:03:03]} 12. Qb3 {[%clk 0:02:30]} Nb6 {[%clk 0:02:59]} 13. Bxa3
{[%clk 0:02:20]} Be6 {[%clk 0:02:55]} 14. Qb2 {[%clk 0:02:17]} Na4
{[%clk 0:02:56]} 15. Qc1 {[%clk 0:02:12]} Nxc3 {[%clk 0:02:56]} 16. b5
{[%clk 0:01:47]} Nd4 {[%clk 0:02:20]} 17. Nxd4 {[%clk 0:01:38]} Qxd4
{[%clk 0:02:18]} 18. e5 {[%clk 0:01:26]} Nxa2 {[%clk 0:02:07]} 19. Qb2
{[%clk 0:01:11]} Qxb2 {[%clk 0:00:59]} 20. Bxb2 {[%clk 0:01:12]} Nb4
{[%clk 0:00:56]} 21. Bxb7 {[%clk 0:00:45]} Rab8 {[%clk 0:00:54]} 22. Be4
{[%clk 0:00:42]} Rxb5 {[%clk 0:00:55]} 23. Nf3 {[%clk 0:00:40]} Bd5
{[%clk 0:00:55]} 24. Rac1 {[%clk 0:00:33]} Bxe4 {[%clk 0:00:55]} 25. Rxe4
{[%clk 0:00:33]} Nd3 {[%clk 0:00:56]} 26. Rxc7 {[%clk 0:00:28]} Rxb2
{[%clk 0:00:54]} 27. Rxe7 {[%clk 0:00:27]} Nxf2 {[%clk 0:00:55]} 28. Re1
{[%clk 0:00:18]} Nd3 {[%clk 0:00:55]} 29. Rf1 {[%clk 0:00:19]} Re2
{[%clk 0:00:54]} 30. Rd7 {[%clk 0:00:11]} 0-1

[Event "Blitz 2018"]
[Site "Saint-Petersburg"]
[Date "2018.12.30"]
[Round "16"]
[Board "79"]
[White "Chen Qi B (CHN)"]
[Black "Shaposhnikov Evgeny (RUS)"]
[Result "1/2-1/2"]
[LiveChessVersion "1.4.8"]
[BlackElo "2603"]
[WhiteElo "2416"]

1. e4 {[%clk 0:03:03]} c5 {[%clk 0:03:02]} 2. Nf3 {[%clk 0:03:04]} e6
{[%clk 0:03:03]} 3. Nc3 {[%clk 0:03:04]} a6 {[%clk 0:03:03]} 4. Be2
{[%clk 0:03:05]} Nc6 {[%clk 0:03:03]} 5. d4 {[%clk 0:03:06]} cxd4
{[%clk 0:03:04]} 6. Nxd4 {[%clk 0:03:07]} Qc7 {[%clk 0:03:05]} 7. O-O
{[%clk 0:03:06]} Nf6 {[%clk 0:03:06]} 8. Be3 {[%clk 0:03:07]} Bb4
{[%clk 0:03:07]} 9. Nxc6 {[%clk 0:03:08]} bxc6 {[%clk 0:03:07]} 10. f4
{[%clk 0:03:08]} d5 {[%clk 0:03:04]} 11. e5 {[%clk 0:03:09]} Nd7 {[%clk 0:03:04]}
12. Na4 {[%clk 0:03:08]} Be7 {[%clk 0:02:58]} 13. c4 {[%clk 0:03:06]} O-O
{[%clk 0:02:53]} 14. Rc1 {[%clk 0:03:06]} dxc4 {[%clk 0:02:36]} 15. Rxc4
{[%clk 0:02:52]} a5 {[%clk 0:02:03]} 16. Qc2 {[%clk 0:02:45]} Bb7
{[%clk 0:02:01]} 17. Bf3 {[%clk 0:02:38]} Rfc8 {[%clk 0:01:54]} 18. Rc1
{[%clk 0:02:39]} c5 {[%clk 0:01:51]} 19. Bxb7 {[%clk 0:02:25]} Qxb7
{[%clk 0:01:52]} 20. Nxc5 {[%clk 0:02:21]} Nxc5 {[%clk 0:01:29]} 21. Bxc5
{[%clk 0:02:21]} Rxc5 {[%clk 0:01:14]} 22. Rxc5 {[%clk 0:02:21]} Bxc5+
{[%clk 0:01:12]} 23. Qxc5 {[%clk 0:02:22]} h5 {[%clk 0:01:08]} 24. b3
{[%clk 0:02:06]} Qe4 {[%clk 0:01:08]} 25. Qf2 {[%clk 0:01:53]} Rd8
{[%clk 0:01:05]} 26. h3 {[%clk 0:01:35]} Rd4 {[%clk 0:00:54]} 27. Rf1
{[%clk 0:01:34]} Qd5 {[%clk 0:00:49]} 28. Qf3 {[%clk 0:01:01]} Qc5
{[%clk 0:00:40]} 29. Kh2 {[%clk 0:01:00]} Qc2 {[%clk 0:00:34]} 30. Qxh5
{[%clk 0:00:32]} Qxa2 {[%clk 0:00:32]} 31. Rc1 {[%clk 0:00:25]} Rd8
{[%clk 0:00:32]} 32. Rc7 {[%clk 0:00:20]} Rf8 {[%clk 0:00:29]} 33. Qf3
{[%clk 0:00:21]} Qd2 {[%clk 0:00:27]} 34. Rc4 {[%clk 0:00:16]} g6
{[%clk 0:00:26]} 35. Qc3 {[%clk 0:00:14]} Qd5 {[%clk 0:00:27]} 36. Ra4
{[%clk 0:00:12]} Ra8 {[%clk 0:00:23]} 37. b4 {[%clk 0:00:11]} Qe4
{[%clk 0:00:22]} 38. Rxa5 {[%clk 0:00:09]} Rxa5 {[%clk 0:00:17]} 39. bxa5
{[%clk 0:00:10]} Qxf4+ {[%clk 0:00:18]} 40. Qg3 {[%clk 0:00:11]} Qa4
{[%clk 0:00:17]} 41. Qc3 {[%clk 0:00:11]} Qf4+ {[%clk 0:00:18]} 42. Kg1
{[%clk 0:00:12]} Qa4 {[%clk 0:00:17]} 43. Kf2 {[%clk 0:00:10]} Kg7
{[%clk 0:00:18]} 44. Kg3 {[%clk 0:00:09]} g5 {[%clk 0:00:19]} 45. Qe3
{[%clk 0:00:08]} Kg6 {[%clk 0:00:17]} 46. Qd3+ {[%clk 0:00:08]} Kg7
{[%clk 0:00:16]} 47. Qf3 {[%clk 0:00:08]} Kf8 {[%clk 0:00:08]} 48. Qf6
{[%clk 0:00:08]} Qa3+ {[%clk 0:00:05]} 49. Kh2 {[%clk 0:00:09]} Qxa5
{[%clk 0:00:05]} 50. Qxg5 {[%clk 0:00:10]} Qc3 {[%clk 0:00:06]} 51. Qf6
{[%clk 0:00:10]} Kg8 {[%clk 0:00:07]} 52. h4 {[%clk 0:00:10]} Qe3
{[%clk 0:00:07]} 53. h5 {[%clk 0:00:11]} Qe4 {[%clk 0:00:04]} 54. Kh3
{[%clk 0:00:10]} Qd3+ {[%clk 0:00:05]} 55. g3 {[%clk 0:00:11]} Qd5
{[%clk 0:00:05]} 56. Kh4 {[%clk 0:00:10]} Qe4+ {[%clk 0:00:06]} 57. Kg5
{[%clk 0:00:09]} Qe3+ {[%clk 0:00:07]} 58. Qf4 {[%clk 0:00:10]} Qd3
{[%clk 0:00:08]} 59. Kh4 {[%clk 0:00:09]} Qd1 {[%clk 0:00:07]} 60. h6
{[%clk 0:00:09]} Qh1+ {[%clk 0:00:08]} 61. Kg5 {[%clk 0:00:10]} Qb1
{[%clk 0:00:08]} 62. Kf6 {[%clk 0:00:10]} Kf8 {[%clk 0:00:05]} 63. Kg5
{[%clk 0:00:08]} Qg6+ {[%clk 0:00:05]} 64. Kh4 {[%clk 0:00:09]} Kg8
{[%clk 0:00:05]} 65. Qf6 {[%clk 0:00:09]} Kh7 {[%clk 0:00:06]} 66. g4
{[%clk 0:00:06]} Qxf6+ {[%clk 0:00:05]} 67. exf6 {[%clk 0:00:05]} Kxh6
{[%clk 0:00:06]} 68. g5+ {[%clk 0:00:06]} Kg6 {[%clk 0:00:07]} 69. Kg4
{[%clk 0:00:06]} e5 {[%clk 0:00:09]} 70. Kh4 {[%clk 0:00:06]} e4 {[%clk 0:00:10]}
71. Kg4 {[%clk 0:00:07]} e3 {[%clk 0:00:11]} 72. Kf3 {[%clk 0:00:08]} Kxg5
{[%clk 0:00:09]} 73. Kxe3 {[%clk 0:00:10]} Kf5 {[%clk 0:00:09]} 74. Kf3
{[%clk 0:00:10]} Ke6 {[%clk 0:00:10]} 75. Ke4 {[%clk 0:00:11]} Kxf6
{[%clk 0:00:11]} 76. Kf4 {[%clk 0:00:13]} Ke6 {[%clk 0:00:12]} 77. Ke4
{[%clk 0:00:14]} f6 {[%clk 0:00:13]} 78. Kf4 {[%clk 0:00:15]} f5 {[%clk 0:00:15]}
79. Kf3 {[%clk 0:00:16]} Ke5 {[%clk 0:00:16]} 80. Ke3 {[%clk 0:00:17]} f4+
{[%clk 0:00:17]} 81. Kf3 {[%clk 0:00:19]} Kf5 {[%clk 0:00:19]} 82. Kf2
{[%clk 0:00:20]} Ke4 {[%clk 0:00:20]} 83. Ke2 {[%clk 0:00:21]} f3+
{[%clk 0:00:21]} 84. Kf2 {[%clk 0:00:23]} Kf4 {[%clk 0:00:22]} 85. Kf1
{[%clk 0:00:24]} Kg4 {[%clk 0:00:24]} 86. Kf2 {[%clk 0:00:25]} Kf4
{[%clk 0:00:25]} 87. Kf1 {[%clk 0:00:26]} Ke3 {[%clk 0:00:26]} 88. Ke1
{[%clk 0:00:27]} f2+ {[%clk 0:00:27]} 89. Kf1 {[%clk 0:00:29]} Kf3 1/2-1/2

[Event "Blitz 2018"]
[Site "Saint-Petersburg"]
[Date "2018.12.30"]
[Round "16"]
[Board "80"]
[White "Bilguun Sumiya (MGL)"]
[Black "Kryakvin Dmitry (RUS)"]
[Result "1-0"]
[LiveChessVersion "1.4.8"]
[BlackElo "2536"]
[WhiteElo "2469"]

1. e4 {[%clk 0:03:03]} c6 {[%clk 0:03:04]} 2. d4 {[%clk 0:03:01]} d5
{[%clk 0:03:05]} 3. Nc3 {[%clk 0:03:00]} dxe4 {[%clk 0:03:06]} 4. Nxe4
{[%clk 0:03:01]} Bf5 {[%clk 0:03:07]} 5. Ng3 {[%clk 0:03:02]} Bg6
{[%clk 0:03:08]} 6. h4 {[%clk 0:03:04]} h6 {[%clk 0:03:08]} 7. Nf3
{[%clk 0:03:05]} Nd7 {[%clk 0:03:08]} 8. h5 {[%clk 0:03:06]} Bh7 {[%clk 0:03:10]}
9. Bd3 {[%clk 0:03:06]} Bxd3 {[%clk 0:03:10]} 10. Qxd3 {[%clk 0:03:07]} e6
{[%clk 0:03:11]} 11. Bd2 {[%clk 0:03:09]} Ngf6 {[%clk 0:03:11]} 12. O-O-O
{[%clk 0:03:08]} Be7 {[%clk 0:03:11]} 13. Ne4 {[%clk 0:03:09]} Nxe4
{[%clk 0:03:09]} 14. Qxe4 {[%clk 0:03:10]} Nf6 {[%clk 0:03:09]} 15. Qd3
{[%clk 0:03:10]} c5 {[%clk 0:03:07]} 16. Be3 {[%clk 0:02:36]} Qa5
{[%clk 0:02:51]} 17. Kb1 {[%clk 0:02:33]} O-O {[%clk 0:02:44]} 18. g4
{[%clk 0:02:06]} Nxg4 {[%clk 0:02:39]} 19. Rhg1 {[%clk 0:02:00]} f5
{[%clk 0:02:37]} 20. Ne5 {[%clk 0:01:44]} Nxe5 {[%clk 0:02:30]} 21. dxe5
{[%clk 0:01:44]} Kh7 {[%clk 0:02:14]} 22. Qd7 {[%clk 0:01:42]} Qd8
{[%clk 0:01:46]} 23. Qxe6 {[%clk 0:01:39]} Qe8 {[%clk 0:01:47]} 24. Rxg7+
{[%clk 0:01:37]} Kxg7 {[%clk 0:01:47]} 25. Qxh6+ {[%clk 0:01:38]} 1-0

[Event "Blitz 2018"]
[Site "Saint-Petersburg"]
[Date "2018.12.30"]
[Round "16"]
[Board "81"]
[White "Drygalov Andrey (RUS)"]
[Black "Zablotsky Sergei (RUS)"]
[Result "1-0"]
[LiveChessVersion "1.4.8"]
[BlackElo "2459"]
[WhiteElo "2509"]

1. e4 {[%clk 0:03:03]} d6 {[%clk 0:03:03]} 2. Nc3 {[%clk 0:03:03]} Nf6
{[%clk 0:02:48]} 3. d4 {[%clk 0:03:02]} e5 {[%clk 0:02:47]} 4. dxe5
{[%clk 0:03:03]} dxe5 {[%clk 0:02:48]} 5. Qxd8+ {[%clk 0:03:04]} Kxd8
{[%clk 0:02:49]} 6. Bc4 {[%clk 0:03:05]} Be6 {[%clk 0:02:49]} 7. Bxe6
{[%clk 0:03:05]} fxe6 {[%clk 0:02:50]} 8. Nh3 {[%clk 0:03:06]} Bd6
{[%clk 0:02:40]} 9. f3 {[%clk 0:03:06]} a6 {[%clk 0:02:41]} 10. Nf2
{[%clk 0:03:01]} Ke7 {[%clk 0:02:41]} 11. Be3 {[%clk 0:02:50]} Rc8
{[%clk 0:02:42]} 12. O-O-O {[%clk 0:02:47]} Nbd7 {[%clk 0:02:42]} 13. h4
{[%clk 0:02:45]} c5 {[%clk 0:02:35]} 14. h5 {[%clk 0:02:34]} b5 {[%clk 0:02:29]}
15. g4 {[%clk 0:02:10]} Rc6 {[%clk 0:02:24]} 16. g5 {[%clk 0:02:05]} Ne8
{[%clk 0:02:21]} 17. Ng4 {[%clk 0:02:03]} c4 {[%clk 0:02:13]} 18. Ne2
{[%clk 0:02:04]} Nc7 {[%clk 0:01:56]} 19. f4 {[%clk 0:02:00]} exf4
{[%clk 0:01:29]} 20. Bxf4 {[%clk 0:02:00]} Bxf4+ {[%clk 0:01:17]} 21. Nxf4
{[%clk 0:02:00]} Rc5 {[%clk 0:01:13]} 22. Nh3 {[%clk 0:01:26]} Rf8
{[%clk 0:01:12]} 23. Rhf1 {[%clk 0:01:24]} Rxf1 {[%clk 0:01:09]} 24. Rxf1
{[%clk 0:01:25]} Ne5 {[%clk 0:01:00]} 25. Ne3 {[%clk 0:01:22]} Ne8
{[%clk 0:00:51]} 26. Kd2 {[%clk 0:00:12]} Nd6 {[%clk 0:00:51]} 27. Rf4
{[%clk 0:00:11]} Nef7 {[%clk 0:00:37]} 28. g6 {[%clk 0:00:11]} hxg6
{[%clk 0:00:29]} 29. hxg6 {[%clk 0:00:13]} Nh6 {[%clk 0:00:21]} 30. Kc3
{[%clk 0:00:14]} Re5 {[%clk 0:00:18]} 31. Nf2 {[%clk 0:00:11]} Rg5
{[%clk 0:00:17]} 32. Kb4 {[%clk 0:00:12]} Nb7 {[%clk 0:00:12]} 33. a4
{[%clk 0:00:10]} a5+ {[%clk 0:00:13]} 34. Kc3 {[%clk 0:00:11]} b4+
{[%clk 0:00:13]} 35. Kxc4 {[%clk 0:00:11]} Rxg6 {[%clk 0:00:13]} 36. Kb5
{[%clk 0:00:13]} Rg5+ {[%clk 0:00:13]} 37. Kb6 {[%clk 0:00:15]} Nd6
{[%clk 0:00:14]} 38. Nd3 {[%clk 0:00:12]} Nhf7 {[%clk 0:00:15]} 39. c3
{[%clk 0:00:08]} bxc3 {[%clk 0:00:16]} 40. bxc3 {[%clk 0:00:10]} Rg3
{[%clk 0:00:17]} 41. Kxa5 {[%clk 0:00:04]} Rxe3 {[%clk 0:00:18]} 42. Nb4
{[%clk 0:00:04]} Rxc3 {[%clk 0:00:18]} 43. Rg4 {[%clk 0:00:03]} g5
{[%clk 0:00:18]} 44. Rg1 {[%clk 0:00:04]} Nxe4 {[%clk 0:00:19]} 45. Re1
{[%clk 0:00:05]} Nc5 {[%clk 0:00:19]} 46. Nd5+ {[%clk 0:00:06]} Kd6
{[%clk 0:00:18]} 47. Nxc3 {[%clk 0:00:08]} g4 {[%clk 0:00:18]} 48. Kb5
{[%clk 0:00:09]} Nb7 {[%clk 0:00:14]} 49. a5 {[%clk 0:00:10]} Nfd8
{[%clk 0:00:14]} 50. a6 {[%clk 0:00:11]} Nc5 {[%clk 0:00:15]} 51. a7
{[%clk 0:00:11]} Nd3 {[%clk 0:00:11]} 52. Rd1 {[%clk 0:00:12]} Nc6
{[%clk 0:00:13]} 53. Rxd3+ {[%clk 0:00:12]} Kd5 1-0

[Event "Blitz 2018"]
[Site "Saint-Petersburg"]
[Date "2018.12.30"]
[Round "16"]
[Board "82"]
[White "Danielyan Vahe (ARM)"]
[Black "Sanikidze Tornike (GEO)"]
[Result "1/2-1/2"]
[LiveChessVersion "1.4.8"]
[BlackElo "2484"]
[WhiteElo "2417"]

1. e4 {[%clk 0:03:03]} e6 {[%clk 0:03:00]} 2. d4 {[%clk 0:03:02]} d5
{[%clk 0:03:01]} 3. Nc3 {[%clk 0:03:03]} Bb4 {[%clk 0:03:01]} 4. e5
{[%clk 0:03:04]} c5 {[%clk 0:03:01]} 5. a3 {[%clk 0:03:05]} Bxc3+ 6. bxc3
{[%clk 0:03:06]} Ne7 {[%clk 0:03:00]} 7. Nf3 {[%clk 0:03:07]} b6 {[%clk 0:03:00]}
8. a4 {[%clk 0:03:08]} O-O {[%clk 0:02:55]} 9. Bd3 {[%clk 0:03:09]} Nf5
{[%clk 0:02:49]} 10. g4 {[%clk 0:02:29]} Nh4 {[%clk 0:02:47]} 11. Bxh7+
{[%clk 0:02:21]} Kxh7 {[%clk 0:02:41]} 12. Ng5+ {[%clk 0:02:22]} Kg8
{[%clk 0:02:32]} 13. Qd3 {[%clk 0:02:23]} Ng6 {[%clk 0:02:12]} 14. Qh3
{[%clk 0:02:10]} Re8 {[%clk 0:02:14]} 15. Qh7+ {[%clk 0:02:09]} Kf8
{[%clk 0:02:15]} 16. h4 {[%clk 0:02:10]} Qc7 {[%clk 0:00:57]} 17. h5
{[%clk 0:01:54]} Nxe5 {[%clk 0:00:58]} 18. dxe5 {[%clk 0:01:13]} Qxe5+
{[%clk 0:00:58]} 19. Kd1 {[%clk 0:00:51]} Qxc3 {[%clk 0:00:51]} 20. Ra3
{[%clk 0:00:45]} Qd4+ {[%clk 0:00:52]} 21. Ke1 {[%clk 0:00:29]} Ba6
{[%clk 0:00:30]} 22. h6 {[%clk 0:00:26]} Nd7 {[%clk 0:00:26]} 23. Rf3
{[%clk 0:00:24]} Ke7 {[%clk 0:00:16]} 24. hxg7 {[%clk 0:00:24]} Nf6
{[%clk 0:00:16]} 25. g8=N+ {[%clk 0:00:21]} Rxg8 {[%clk 0:00:08]} 26. Qxf7+
{[%clk 0:00:21]} Kd6 {[%clk 0:00:09]} 27. Bf4+ {[%clk 0:00:19]} e5
{[%clk 0:00:03]} 28. Qe6+ {[%clk 0:00:19]} Kc7 {[%clk 0:00:04]} 29. Bxe5+
{[%clk 0:00:20]} Qxe5+ {[%clk 0:00:05]} 30. Qxe5+ {[%clk 0:00:21]} Kb7
{[%clk 0:00:05]} 31. Rxf6 {[%clk 0:00:20]} 1/2-1/2

[Event "Blitz 2018"]
[Site "Saint-Petersburg"]
[Date "2018.12.30"]
[Round "16"]
[Board "83"]
[White "Abdusattorov Nodirbek (UZB)"]
[Black "Gutenev Alexander (RUS)"]
[Result "1-0"]
[LiveChessVersion "1.4.8"]
[BlackElo "2419"]
[WhiteElo "2469"]

1. e4 {[%clk 0:03:05]} c5 {[%clk 0:03:06]} 2. Nf3 {[%clk 0:03:04]} Nc6
{[%clk 0:03:07]} 3. Bb5 {[%clk 0:03:05]} g6 {[%clk 0:03:08]} 4. Bxc6
{[%clk 0:03:05]} bxc6 {[%clk 0:03:09]} 5. O-O {[%clk 0:03:04]} Bg7
{[%clk 0:03:10]} 6. c3 {[%clk 0:03:05]} Nh6 {[%clk 0:03:08]} 7. Re1
{[%clk 0:03:06]} O-O {[%clk 0:03:09]} 8. d4 {[%clk 0:03:05]} Qb6 {[%clk 0:03:10]}
9. Nbd2 {[%clk 0:02:43]} a5 {[%clk 0:02:57]} 10. Nc4 {[%clk 0:02:40]} Qa6
{[%clk 0:02:55]} 11. Ne3 {[%clk 0:02:34]} cxd4 {[%clk 0:02:49]} 12. cxd4
{[%clk 0:02:35]} d6 {[%clk 0:02:50]} 13. h3 {[%clk 0:02:34]} Rb8 {[%clk 0:02:40]}
14. Qc2 {[%clk 0:02:31]} f5 {[%clk 0:02:37]} 15. e5 {[%clk 0:02:24]} Nf7
{[%clk 0:02:20]} 16. exd6 {[%clk 0:02:08]} exd6 {[%clk 0:02:11]} 17. Nc4
{[%clk 0:02:07]} Bb7 {[%clk 0:01:39]} 18. Bf4 {[%clk 0:02:04]} Rbd8
{[%clk 0:01:37]} 19. Ng5 {[%clk 0:01:59]} Nxg5 {[%clk 0:01:32]} 20. Bxg5
{[%clk 0:01:59]} Bf6 {[%clk 0:00:57]} 21. Bxf6 {[%clk 0:01:57]} Rxf6
{[%clk 0:00:58]} 22. Re7 {[%clk 0:01:53]} Qb5 {[%clk 0:00:52]} 23. Rae1
{[%clk 0:01:49]} c5 {[%clk 0:00:40]} 24. dxc5 {[%clk 0:01:25]} dxc5
{[%clk 0:00:34]} 25. Qc3 {[%clk 0:01:23]} Rd4 {[%clk 0:00:26]} 26. Re8+
{[%clk 0:01:09]} Rf8 {[%clk 0:00:27]} 27. Rxf8+ {[%clk 0:01:02]} Kxf8
{[%clk 0:00:28]} 28. Nd6 {[%clk 0:00:57]} Qd7 {[%clk 0:00:07]} 29. Nxb7
{[%clk 0:00:56]} 1-0

[Event "Blitz 2018"]
[Site "Saint-Petersburg"]
[Date "2018.12.30"]
[Round "16"]
[Board "84"]
[White "Pershin Denis (RUS)"]
[Black "Teske Henrik (GER)"]
[Result "0-1"]
[LiveChessVersion "1.4.8"]
[BlackElo "2565"]
[WhiteElo "2354"]

1. d4 {[%clk 0:03:03]} Nf6 {[%clk 0:03:03]} 2. Nc3 {[%clk 0:03:04]} g6
{[%clk 0:03:03]} 3. e4 {[%clk 0:03:05]} d6 {[%clk 0:03:02]} 4. f4
{[%clk 0:03:06]} Bg7 {[%clk 0:03:03]} 5. Nf3 {[%clk 0:03:07]} c5 {[%clk 0:02:56]}
6. e5 {[%clk 0:02:53]} Nfd7 {[%clk 0:02:22]} 7. Be3 {[%clk 0:02:29]} cxd4
{[%clk 0:02:19]} 8. Bxd4 {[%clk 0:02:22]} dxe5 {[%clk 0:02:14]} 9. fxe5
{[%clk 0:02:11]} Nc6 {[%clk 0:02:11]} 10. e6 {[%clk 0:02:03]} Nxd4
{[%clk 0:02:12]} 11. exf7+ {[%clk 0:02:03]} Kxf7 {[%clk 0:02:11]} 12. Nxd4
{[%clk 0:02:03]} Ne5 {[%clk 0:02:04]} 13. Qd2 {[%clk 0:01:47]} Qxd4
{[%clk 0:01:59]} 14. Qxd4 {[%clk 0:01:47]} Nf3+ {[%clk 0:02:01]} 15. gxf3
{[%clk 0:01:47]} Bxd4 {[%clk 0:02:02]} 16. Bc4+ {[%clk 0:01:48]} Kg7
{[%clk 0:02:02]} 17. O-O-O {[%clk 0:01:43]} Be3+ {[%clk 0:01:54]} 18. Kb1
{[%clk 0:01:44]} Bf5 {[%clk 0:01:53]} 19. Rde1 {[%clk 0:01:24]} Bc5
{[%clk 0:01:52]} 20. Ne4 {[%clk 0:01:23]} Rac8 {[%clk 0:01:37]} 21. Nxc5
{[%clk 0:01:10]} Rxc5 {[%clk 0:01:38]} 22. Rxe7+ Kf6 23. Rf7+ {[%clk 0:01:06]}
Kg5 {[%clk 0:01:35]} 24. Bd3 {[%clk 0:00:50]} Bxd3 {[%clk 0:01:08]} 25. cxd3
{[%clk 0:00:51]} Rf5 {[%clk 0:01:07]} 26. Rxb7 {[%clk 0:00:32]} a5
{[%clk 0:01:09]} 27. Rd1 {[%clk 0:00:24]} Kf4 {[%clk 0:00:59]} 28. d4
{[%clk 0:00:25]} Rd5 {[%clk 0:00:59]} 29. Rb3 {[%clk 0:00:26]} Re8
{[%clk 0:00:56]} 30. Rc3 {[%clk 0:00:27]} Red8 {[%clk 0:00:55]} 31. Rcd3
{[%clk 0:00:25]} g5 {[%clk 0:00:53]} 32. Kc2 {[%clk 0:00:24]} h5 {[%clk 0:00:53]}
33. Kc3 {[%clk 0:00:24]} Rc8+ {[%clk 0:00:54]} 34. Kb3 {[%clk 0:00:25]} Rb5+
{[%clk 0:00:50]} 35. Ka4 {[%clk 0:00:26]} Rxb2 {[%clk 0:00:49]} 36. d5
{[%clk 0:00:10]} Rxa2+ {[%clk 0:00:47]} 37. Kb5 {[%clk 0:00:11]} Rb2+
{[%clk 0:00:46]} 38. Ka4 {[%clk 0:00:12]} Rcb8 {[%clk 0:00:42]} 39. d6
{[%clk 0:00:12]} Rxh2 {[%clk 0:00:37]} 40. d7 {[%clk 0:00:13]} Ra2+
{[%clk 0:00:38]} 41. Ra3 {[%clk 0:00:13]} Rxa3+ {[%clk 0:00:39]} 42. Kxa3
{[%clk 0:00:15]} Rd8 {[%clk 0:00:40]} 43. Rd3 {[%clk 0:00:10]} h4
{[%clk 0:00:40]} 44. Ka4 {[%clk 0:00:06]} h3 {[%clk 0:00:41]} 45. Kb5
{[%clk 0:00:06]} h2 {[%clk 0:00:42]} 46. Rd1 {[%clk 0:00:05]} Rxd7
{[%clk 0:00:42]} 47. Rxd7 {[%clk 0:00:05]} h1=Q {[%clk 0:00:43]} 48. Rf7+
{[%clk 0:00:06]} Kg3 {[%clk 0:00:42]} 49. Kxa5 {[%clk 0:00:05]} Qxf3
{[%clk 0:00:43]} 0-1